Quizzes
Events
Quiz Creation
Community
Videos
Private Events
Remove Ads
Sign In
Join for FREE
Feedback
Dark Mode
Quiz Categories
Sports
Geography
Music
Movies
Television
Just For Fun
Miscellaneous
History
Literature
Language
Science
Gaming
Entertainment
Religion
Holiday
For Kids
Quiz Lab
Recent
Popular Today
Quiz Kudos Today
Editor Picks
Curator Picks
Quizzes by...
Day
Popularity
Type
Ratings
Length
Year
Community
Subscriptions
Recent Discussions
Orange Saloon
Badges
Playlists
Quests
Create
Leaderboards
Showdown
Live 5
Trivia Bingo
Activity
Puzzle Library
Sporcle Events
Private Events
Virtual Trivia
Globe League
Become a Host
Pub Owners
SporcleCon
Opinionation
Our Games
Videos
Blog
Mobile Apps
Partnerships
Remove Ads and Go Orange
Feedback
History
US Presidents
World Leaders
Politics
Nation
Discovery
War
Decade
Year
Century
Biography
Art
History
US Presidents
World Leaders
Politics
Nation
Discovery
War
Decade
Year
Century
Biography
Art
Random Quiz
Search Sporcle
×
Quiz Lab
Quiz Lab
History
Vietnam
Type in answers that appear in a list
Type in answers that appear in a list
Classic
Best Score? Go Orange.
Vietnam GCSE Stats
Can you name the Vietnam GCSE?
By
gileshill
7m
56 Questions
516 Plays
516 Plays
516 Plays
Comments
Comments
Give Quiz Kudos
Give Quiz Kudos
-
- Ratings
hide this ad
Replay
Link that replays current quiz
Next Quiz
Link to next quiz in quiz playlist
You Got
0%
They Got
Avg Score
56%
Avg Friend Score
Upgrade to see
Score Distribution
Jump to the score distribution portion of the page
Score
0/56
Timer
07:00
0
Plays Today
Question
Answer
% Correct
Leader of Vietnamese communists
Ho Chi Minh
91.3%
Capital of the South
Saigon
85.1%
Colonial masters of Vietnam
France
84.7%
Popular name for the National Liberation Front for South Vietnam
Vietcong
81.6%
Burning petroleum jelly
Napalm
81.4%
Defoliant used to clear jungle trails
Agent Orange
81.2%
Occupiers of Vietnam in World War II
Japan
79.8%
US President 1969-
1974
Richard Nixon
78.5%
US President who chose not to stand again in 1968
Lyndon Johnson
75.4%
Route of supplies to provide support for insurgents in South Vietnam
Ho Chi Minh Trail
74.8%
US fear of communist expansion in Asia leading to further losses
Domino Theory
74.2%
Major assault on US position in Vietnam in January 1968
Tet Offensive
74%
Massacre carried out in 1968 by US troops but kept secret
My Lai
74%
Neighbouring country South Vietnam unsuccessfully intervened in
Laos
73.6%
US bombing campaign expanded into this country
Cambodia
72.3%
US Air Operation to 'bomb Vietnam back to the stone age'
Rolling Thunder
70.9%
Capital of the North
Hanoi
69.4%
Country visited by USA which forced North Vietnam to negotiate
China
69.4%
Leader of the South until 1963
Ngo Dinh Diem
69.2%
Region of SE Asia under colonial control
Indochina
68.8%
Location of Peace Talks started in 1968
Paris
65.7%
Policy to hand responsibility for South Vietnam to South Vietnam
Vietnamisation
65.5%
Attack on USS Maddox in 1964
Gulf of Tonkin Incident
64.9%
US tactic to root out insurgents from villages
Search and Destroy
63.2%
Acronym for South Vietnamese Army
ARVN
60.3%
Standard length of US tour of duty
12 months
60.1%
Resistance movement to colonial rule before 1954
Vietminh
58.9%
Location where four students were shot dead in Vietnam protest
Kent State University
57.9%
Question
Answer
% Correct
Dividing line between North and South Vietnam
17th Parallel
57.4%
Victory of Vietnamese over their colonial masters in 1954
Dien Bien Phu
55.4%
Ancient city lost to US control and then regained
Hue
53.7%
Anti-
personnel mine which explodes at waist height
Bouncing Betty
53.1%
Civil Rights leader and critic of the war
Martin Luther King
52.7%
Most high profile target of the attack
US Embassy
52.1%
Chief negotiator for USA
Henry Kissinger
49.6%
US technology for movement of troops
Helicopter
48.8%
Acronym for Army of North Vietnam
NVA
47.9%
Commander of US troops in Vietnam up to 1968
William Westmoreland
46.9%
US operation to control peasants in early 1960s
Strategic Hamlet Policy
46.7%
Means by which rebels could infiltrate major cities
Tunnel network
45%
Refusal to be conscripted into the army
Draft Dodging
44%
Leaked documents which led to criticism of US escalation in Vietnam
Pentagon Papers
43.4%
US bombing campaign in December 1972 to force peace
Operation Linebacker II
42.8%
Treaty for colonial withdrawal and division of Vietnam
Geneva Agreement
37.2%
Number of North Vietnamese and NLF troops killed (in millions)
1,176,000
37.2%
Chief negotiator for North Vietnam
Le Duc Tho
35.1%
Congressional authority given to expand US military involvement
Tonkin Resolution
34.3%
Month and year of fall of South Vietnam capital
April 1975
31.2%
Leader of South Vietnam
Nguyen Van Thieu
30.8%
Effort by US to provide aid and support to Vietnamese people
Hearts and Minds
29.1%
Communist General who achieved this success
Vo Nguyen Giap
28.9%
Month and year of Peace Agreement to end US involvement
January 1973
27.9%
US airbase which came under attack from North Vietnam
Khe Sanh
25.4%
Higher estimate number of civilians killed in the region (in millions)
2,000,000
25.2%
Number of US troops killed in action
58,220
25%
Port city which was a major target
Haiphong
14.3%
Quiz Playlist
Details
Report
Send in Message
Add To Playlist
Classic:
Type in answers that appear in a list
Last Updated: Feb 16, 2017
Quiz Scoreboard
CHALLENGE
Sign Up to Join the Scoreboard
Show All
Scores
Hide
Comments
May contain spoilers
Recently Published
TV Characters by Other Roles V
by ghcgh
Television
5m
Decade Duel: World Leaders
by jenniferyan
History
4m
Alphabetical 'K' Countries by Flag Minefield
by ylime102
Geography
3m
More to Explore
Quiz From the Vault
Featured Blog Post
15 Basketball Trivia Facts You Can Be March Mad About
hide this ad
You Might Also Like...
Tags
gcse
Vietnam
Today's Top Quizzes in History
Browse History
hide this ad
Today's Top Quizzes in Vietnam
Browse Vietnam
Top Contributed Quizzes in History
1
Decade Duel: US Presidents of the 1900s
2
I Am Born On March 19th
3
Decade Duel: US Presidents of the 1800s
4
Famous Spring Paintings
5
Arab Spring Nations
6
Art in Bloom
7
Religion og styreformer i Europa (klikking)
8
'NCAA' US History
9
Lead up to World War One
10
Constitutional Quiz
Explore More
Trending Topics
Anime
Harry Potter
Disney
Crossword
Kpop
Marvel
NBA
Pokémon
Song
The Office
WWE
Country
Puzzle
NFL
Soccer
hide this ad
More By:
gileshill
Quiz
Plays
Rating
Category
Featured
Created
GCSE Nazi Germany Revision Clickable
15,846
2.33
History
Dec 7, 2009
GCSE Weimar Germany Clickable
6,699
3.78
History
May 19, 2010
GCSE Cold War Revision
6,526
2.62
History
Dec 7, 2009
Road to WWII GCSE Clickable
3,992
2.11
History
May 20, 2010
Vietnam War GCSE Revision Clickable
2,388
History
Mar 16, 2016
Go to Creator's Profile
Score Distribution
Quiz Creator Spotlight
gileshill
Follow
Send a Message
Quizzes Created
-
Created Quiz Play Count
-
More By This Creator
Popular Quizzes Today
1
Countries of Asia Without Outlines Minefield
2
Find the US States - No Outlines Minefield
3
Pick 6: Fruits
4
The Countries of the World
5
Find the Countries of Europe - No Outlines Minefield
6
Alphabetical 'K' Countries by Flag Minefield
7
US States
8
Find the US States
More History Quizzes
Accidental Inventions
Published
Trending Quizzes
Pick 6: Mountains
Pick 6: Harry Potter
Pick 6: NFL Teams
Pick 6: Flags
C Names for Actors
Recently Updated
Adaptations: Name the Title
pecheneg
NWSL Teams
pecheneg
Women's Final Four Teams by Year
bhenderson79
Presidents Quartet II
eogle
Anything But Clue(do)
eogle
Anything But Oceanian Capitals
eogle
Anything But 7
eogle
Anything But Thing
eogle
Word Ladder: February 29
pecheneg
Song Title Questions
pecheneg
Trending Topics
Harry Potter
Crossword
NBA
Kpop
Anime
Disney
Marvel
Puzzle
Pokémon
Soccer
WWE
Country
Song
NFL
The Office
Your Account Isn't Verified!
In order to create a playlist on Sporcle, you need to verify the email address you used during registration. Go to your
Sporcle Settings
to finish the process.
Report this User
Report this user for behavior that violates our
Community Guidelines
.
Details:
Send Report
Go to the Sporcle.com Mobile Site →
Comments